000
00304nam a22001337a 4500
008
180117b xxu||||| |||| 00| 0 eng d
020
_a
0893910651
041
_a
eng
080
_a
321
100
_a
19
101
_a
SHP
245
_a
Culture, Communication and Dependency
_c
Innis, H.A
942
_2
udc
_c
BK
999
_c
40401
_d
40401